000 00571 a2200169 4500
020 _a8181478851
020 _a9788181478856
082 _a620.00151825
090 _c683
_d683
100 _aRao,Singiresu S
245 0 4 _aThe finite element method in engineering :
_bise.
260 _a[S.l.] :
_bButterworth-Heinemann/Elsevier,
_c2005
300 _a1 v. (unpaged)
700 _aRao,Singiresu S
942 _aSNS
_cBK
_k620.00151825 RAO
999 _c29312
_d29312